00393nam a2200157Ia 45000010006000000050017000060080041000230410008000640820017000721000035000892450058001242600009001823000028001916500008002196540008002271807920260306171604.0260306s9999||||xx |||||||||||||| ||und|| aESP a658.401bA15 aAbril Sánchez, CristinaeAUT 0aGuía para la integración de sistemas de gestión c2012 a291 páginas :c23 cm. aGEN aCAN